Theory and applications of microbiology (Record no. 3175)
[ view plain ]
| 000 -LEADER | |
|---|---|
| fixed length control field | 00485nam a2200169Ia 4500 |
| 008 - FIXED-LENGTH DATA ELEMENTS--GENERAL INFORMATION | |
| fixed length control field | 230917s9999||||xx |||||||||||||| ||und|| |
| 020 ## - ISBN | |
| Price | USD 159.00 (RS 11826.42) |
| 040 ## - CATALOGING SOURCE | |
| -- | 5015093 |
| Original cataloging agency | VIVEKANANDA LIBRARY |
| 041 ## - Language | |
| -- | English |
| 082 ## - DDC NUMBER | |
| Classification number | 579 B937T |
| 100 ## - MAIN ENTRY--PERSONAL NAME | |
| Personal name | Burns, Jake, ed. |
| 245 #0 - TITLE STATEMENT | |
| Title | Theory and applications of microbiology |
| 260 ## - PUBLICATION, DISTRIBUTION, ETC. (IMPRINT) | |
| Place of publication, distribution, etc | New York |
| Name of publisher, distributor, etc | Murphy and Moore Publishing |
| Date of publication, distribution, etc | 2021 |
| 300 ## - PHYSICAL DESCRIPTION | |
| Pages | 238 p. |
| 500 ## - GENERAL NOTE | |
| General note | 4159 25/10/2021 IBS22/00199 22/11/2021 Main Budget |
| 942 ## - ADDED ENTRY ELEMENTS (KOHA) | |
| Koha item type | Books |
| Withdrawn status | Lost status | Damaged status | Not for loan | Location (home branch) | Sublocation or collection (holding branch) | Date acquired | Koha issues (times borrowed) | Koha full call number | Accession No. | Koha date last seen | Koha item type |
|---|---|---|---|---|---|---|---|---|---|---|---|
| VIVEKANANDA LIBRARY | VIVEKANANDA LIBRARY | 13/01/2022 | 579 B937T | 397997 | 17/09/2023 | Books |
